Diseño y construcción de un motor plano trifásico en el que se sustituye la lámina móvil por un líquido conductor
Gespeichert in:
| 1. Verfasser: | |
|---|---|
| Weitere Verfasser: | |
| Format: | Buch |
| Veröffentlicht: |
[San José , Costa Rica]
1973
|
| Tags: |
Tag hinzufügen
Keine Tags, Fügen Sie den ersten Tag hinzu!
|
MARC
| LEADER | 00000nam a2200000Ia 4500 | ||
|---|---|---|---|
| 003 | PIE087 | ||
| 005 | 20231115131831.0 | ||
| 008 | 140116s1973 c a m 000 ||s d | ||
| 040 | |c cru CEDI | ||
| 090 | |a PIE 87 | ||
| 100 | |a Montoya Jiménez, Fernando |9 18231 | ||
| 245 | |a Diseño y construcción de un motor plano trifásico en el que se sustituye la lámina móvil por un líquido conductor | ||
| 260 | |a [San José , Costa Rica] |c 1973 | ||
| 300 | |a 37 hojas ; ilustraciones, diagramas | ||
| 500 | |a A la Cabeza de la portada. Universidad de Costa Rica. Facultad de Ingeniería. Departamento de Ingeniería Eléctrica. Proyecto Eléctrico | ||
| 501 | |a Profesor Guía: Ing. Roberto Trejos D | ||
| 700 | |a Trejos Dent, Roberto, 1948- |d Director de Proyecto Eléctrico |9 1744 | ||
| 942 | |c PIE |h PIE-87 |i PIE087 |6 PIE_87_PIE087 | ||
| 999 | |c 13460 |d 13460 | ||
